[Event "Reykjavik Kvika op"]
[Site "Reykjavik"]
[Date "2022.04.11"]
[Round "8"]
[White "Jonsson, Kristjan Dagur"]
[Black "Marzik, Hans"]
[Result "0-1"]
[WhiteElo "1828"]
[BlackElo "2050"]
[PlyCount "72"]
[EventDate "2022.04.06"]
[EventType "swiss"]
[EventRounds "9"]
[EventCountry "ISL"]
[SourceTitle "CBM 207 Extra"]
[Source "ChessBase"]
[SourceDate "2022.05.31"]
[SourceVersion "1"]
[SourceVersionDate "2022.05.31"]
[SourceQuality "1"]

1. d4 Nf6 2. c4 g6 3. Nc3 Bg7 4. e4 d6 5. h3 Nbd7 6. Be3 e5 7. d5 Nc5 8. f3 a5 9. g4 0-0 10. Nge2 Nfd7 11. Ng3 Bf6 12. Qd2 Bh4 13. Bf2 Bg5 14. Qc2 c6 15. Be2 Na6 16. a3 Nf6 17. h4 Bf4 18. h5 cxd5 19. hxg6 fxg6 20. exd5 Nc5 21. Bd3 Qe7 22. Nge4 Nfxe4 23. Bxe4 b6 24. Bh4 Bg5 25. Bxg5 Qxg5 26. Qh2 Ra7 27. Nb5 Qe3+ 28. Kd1 Nxe4 29. Nxa7 Nf2+ 30. Kc2 Qd3+ 31. Kc1 Qxc4+ 32. Kb1 Qd3+ 33. Ka2 Qxd5+ 34. Kb1 Qd3+ 35. Kc1 Nxh1 36. Qxh1 Rxf3 0-1

[Event "Reykjavik Kvika op"]
[Site "Reykjavik"]
[Date "2022.04.10"]
[Round "6"]
[White "Cherniack, Alex"]
[Black "Jonsson, Kristjan Dagur"]
[Result "1-0"]
[WhiteElo "2213"]
[BlackElo "1828"]
[PlyCount "37"]
[EventDate "2022.04.06"]
[EventType "swiss"]
[EventRounds "9"]
[EventCountry "ISL"]
[SourceTitle "CBM 207 Extra"]
[Source "ChessBase"]
[SourceDate "2022.05.31"]
[SourceVersion "1"]
[SourceVersionDate "2022.05.31"]
[SourceQuality "1"]

1. e4 c6 2. d4 d5 3. e5 Bf5 4. Nc3 e6 5. g4 Bg6 6. Nge2 c5 7. Be3 Nc6 8. dxc5 Nxe5 9. Nf4 Nf6 10. Bb5+ Nfd7 11. Qe2 Qh4 12. 0-0-0 Qxg4 13. Bxd7+ Kxd7 14. Qb5+ Kc7 15. Nfxd5+ exd5 16. Nxd5+ Kb8 17. Qe8+ Qc8 18. Qxe5+ Bd6 19. Qxd6+ 1-0

[Event "Reykjavik Kvika op"]
[Site "Reykjavik"]
[Date "2022.04.09"]
[Round "5"]
[White "Jonsson, Kristjan Dagur"]
[Black "Sigeman, Johan"]
[Result "1/2-1/2"]
[WhiteElo "1828"]
[BlackElo "2136"]
[PlyCount "121"]
[EventDate "2022.04.06"]
[EventType "swiss"]
[EventRounds "9"]
[EventCountry "ISL"]
[SourceTitle "CBM 207 Extra"]
[Source "ChessBase"]
[SourceDate "2022.05.31"]
[SourceVersion "1"]
[SourceVersionDate "2022.05.31"]
[SourceQuality "1"]

1. d4 Nf6 2. c4 e6 3. g3 d5 4. Nf3 dxc4 5. Bg2 a6 6. 0-0 Nc6 7. a4 Rb8 8. Bg5 Be7 9. e3 0-0 10. Qe2 b5 11. Rc1 Bb7 12. Bxf6 Bxf6 13. Na3 Na5 14. Re1 Be4 15. Nd2 Bxg2 16. Kxg2 c5 17. axb5 axb5 18. Nc2 Nb3 19. Rad1 Nxd2 20. Rxd2 cxd4 21. Nxd4 Qc7 22. Red1 Rfd8 23. Qf3 Bxd4 24. Rxd4 Rxd4 25. Rxd4 h6 26. Qd1 b4 27. Rd7 Qc6+ 28. Kg1 c3 29. Rd8+ Rxd8 30. Qxd8+ Kh7 31. Qd3+ g6 32. bxc3 bxc3 33. Qc2 Qc4 34. h4 h5 35. e4 e5 36. Kg2 Qb4 37. Qd3 Qd4 38. Qb1 Qd2 39. Qb7 Kg7 40. Qc7 Qd4 41. Kg1 Qd1+ 42. Kg2 c2 43. Qxe5+ Kf8 44. Qb8+ Ke7 45. Qc7+ Ke6 46. Qc4+ Ke5 47. f4+ Kf6 48. Qc3+ Ke7 49. Qc5+ Ke8 50. Qc8+ Ke7 51. Qc5+ Kd8 52. Qf8+ Kc7 53. Qc5+ Kd7 54. Qb5+ Kd8 55. Qb8+ Ke7 56. Qe5+ Kd7 57. Qb5+ Kc8 58. Qc6+ Kd8 59. Qb6+ Ke8 60. Qb8+ Ke7 61. Qe5+ 1/2-1/2

[Event "Reykjavik Kvika op"]
[Site "Reykjavik"]
[Date "2022.04.07"]
[Round "2"]
[White "Karlsson, Mikael Johann"]
[Black "Jonsson, Kristjan Dagur"]
[Result "1-0"]
[WhiteElo "2119"]
[BlackElo "1828"]
[PlyCount "55"]
[EventDate "2022.04.06"]
[EventType "swiss"]
[EventRounds "9"]
[EventCountry "ISL"]
[SourceTitle "CBM 207 Extra"]
[Source "ChessBase"]
[SourceDate "2022.05.31"]
[SourceVersion "1"]
[SourceVersionDate "2022.05.31"]
[SourceQuality "1"]

1. c4 e5 2. g3 Nf6 3. Bg2 d5 4. cxd5 Nxd5 5. Nf3 Nc6 6. 0-0 Be7 7. d4 exd4 8. Nxd4 Nxd4 9. Qxd4 Be6 10. Qxg7 Bf6 11. Qh6 Qe7 12. e4 Nb4 13. Nc3 0-0-0 14. Be3 Kb8 15. Bc5 Qxc5 16. Qxf6 h5 17. a3 Nd3 18. b4 Qd4 19. Qxd4 Rxd4 20. Rfd1 Rhd8 21. Rd2 Ne5 22. Rxd4 Rxd4 23. Ne2 Rd2 24. Nf4 Bg4 25. h3 Bd1 26. Rc1 Nf3+ 27. Kf1 Nd4 28. Ke1 1-0

[Event "Kragero op"]
[Site "Kragero"]
[Date "2022.02.26"]
[Round "8"]
[White "Jonsson, Kristjan Dagur"]
[Black "Ostensen, Nicolai Maxime"]
[Result "0-1"]
[WhiteElo "1797"]
[BlackElo "1728"]
[PlyCount "98"]
[EventDate "2022.02.23"]
[EventType "swiss"]
[EventRounds "9"]
[EventCountry "NOR"]
[SourceTitle "EXT 2023"]
[Source "ChessBase"]
[SourceDate "2022.10.05"]
[SourceVersion "1"]
[SourceVersionDate "2022.10.05"]
[SourceQuality "1"]

1. d4 d5 2. c4 e6 3. Nf3 Nf6 4. g3 Be7 5. Bg2 0-0 6. 0-0 b6 7. Ne5 Bb7 8. Qc2 Qc8 9. Nc3 dxc4 10. e4 Nc6 11. Nxc6 Bxc6 12. d5 Bb7 13. Rd1 e5 14. Qa4 Bc5 15. Qxc4 Ng4 16. Rd2 Nf6 17. b4 Bd4 18. Bb2 c6 19. Qb3 c5 20. bxc5 bxc5 21. Nb5 Ba6 22. Bxd4 exd4 23. Nd6 Qc7 24. Nc4 Rab8 25. Qc2 Rb4 26. Nb2 Rfb8 27. Nd3 Rc4 28. Qd1 Rc3 29. Rc1 Rxc1 30. Qxc1 Nd7 31. Qa3 Bxd3 32. Qxd3 Ne5 33. Qf1 Rb6 34. f4 Ng4 35. e5 Ne3 36. d6 Qb8 37. Qe2 Rb1+ 38. Kf2 Qb6 39. Qf3 g6 40. d7 Kg7 41. Qa8 Rb2 42. d8Q Rxd2+ 43. Kf3 Rf2+ 44. Kxf2 Qb2+ 45. Ke1 Qc1+ 46. Ke2 Qd1+ 47. Kf2 Qd2+ 48. Kg1 Qe1+ 49. Bf1 Qxf1# 0-1

[Event "Kragero op"]
[Site "Kragero"]
[Date "2022.02.23"]
[Round "2"]
[White "Heitun, Odd Gunnar"]
[Black "Jonsson, Kristjan Dagur"]
[Result "0-1"]
[WhiteElo "1616"]
[BlackElo "1797"]
[PlyCount "96"]
[EventDate "2022.02.23"]
[EventType "swiss"]
[EventRounds "9"]
[EventCountry "NOR"]
[SourceTitle "EXT 2023"]
[Source "ChessBase"]
[SourceDate "2022.10.05"]
[SourceVersion "1"]
[SourceVersionDate "2022.10.05"]
[SourceQuality "1"]

1. d4 d5 2. c4 e6 3. Nc3 Be7 4. Nf3 Nf6 5. h3 0-0 6. Bf4 c6 7. cxd5 exd5 8. e3 Bf5 9. Be2 Nbd7 10. 0-0 Re8 11. Rc1 Ne4 12. Nxe4 dxe4 13. Nd2 Nf6 14. a3 Nd5 15. Bh2 Bg5 16. Qb3 Qe7 17. Bc4 Be6 18. Nxe4 b5 19. Bd3 Nxe3 20. Qc3 Nxf1 21. Rxf1 Bd5 22. Nc5 Rad8 23. Bg3 Bf6 24. Rd1 g6 25. Bf1 h5 26. b4 Ra8 27. Na6 Rac8 28. Nc5 Bg7 29. Na6 h4 30. Bh2 Qb7 31. Nc5 Qe7 32. Na6 Qd8 33. Nc5 Bf8 34. Be5 f6 35. Bh2 Bxc5 36. dxc5 Kg7 37. Bd6 a5 38. Bxb5 Re6 39. Bf1 a4 40. Bf4 Qe8 41. Qc1 Bb3 42. Rd4 Re1 43. Qc3 Qe2 44. Rd7+ Kg8 45. Qd3 Rxf1+ 46. Kh2 Qxd3 47. Rxd3 Rxf2 48. Rd7 Rxf4 0-1

[Event "Kragero op"]
[Site "Kragero"]
[Date "2022.02.23"]
[Round "1"]
[White "Jonsson, Kristjan Dagur"]
[Black "Johannessen, Simon T"]
[Result "1-0"]
[WhiteElo "1797"]
[BlackElo "1453"]
[PlyCount "49"]
[EventDate "2022.02.23"]
[EventType "swiss"]
[EventRounds "9"]
[EventCountry "NOR"]
[SourceTitle "EXT 2023"]
[Source "ChessBase"]
[SourceDate "2022.10.05"]
[SourceVersion "1"]
[SourceVersionDate "2022.10.05"]
[SourceQuality "1"]

1. d4 Nf6 2. c4 d5 3. Nc3 Bf5 4. Nf3 e6 5. Qb3 b6 6. cxd5 Nxd5 7. e4 Nxc3 8. exf5 Nd5 9. Bc4 c6 10. fxe6 fxe6 11. 0-0 b5 12. Bd3 Bd6 13. Bg5 Be7 14. Bxe7 Qxe7 15. Rfe1 0-0 16. Be4 Qd8 17. Qc2 Kh8 18. Ne5 Ne7 19. Bxh7 Nd7 20. Rad1 Rc8 21. Re3 c5 22. Rh3 Nf6 23. Bg6+ Kg8 24. Bf7+ Rxf7 25. Rh8+ 1-0

[Event "Nordic-ch U18"]
[Site "Torshavn"]
[Date "2021.09.10"]
[Round "2"]
[White "Jonsson, Kristjan Dagur"]
[Black "Jacobsen, Markus"]
[Result "1-0"]
[WhiteElo "1785"]
[BlackElo "1192"]
[PlyCount "65"]
[EventDate "2021.09.10"]
[EventType "swiss"]
[EventRounds "6"]
[EventCountry "FAI"]
[SourceTitle "EXT 2023"]
[Source "ChessBase"]
[SourceDate "2022.10.05"]
[SourceVersion "1"]
[SourceVersionDate "2022.10.05"]
[SourceQuality "1"]

1. d4 g6 2. c4 Bg7 3. Nc3 Nf6 4. e4 d6 5. h3 Nc6 6. Be3 0-0 7. g4 e5 8. d5 Ne7 9. Nge2 c6 10. Ng3 a6 11. Qd2 cxd5 12. exd5 Bd7 13. Bd3 Qc8 14. Bg5 Re8 15. Nce4 Nxe4 16. Nxe4 Qb8 17. Nf6+ Kh8 18. Nxd7 Qd8 19. Nf6 Rf8 20. h4 Nc8 21. Nxh7 f6 22. Nxf8 Qxf8 23. Be3 f5 24. Bg5 e4 25. Be2 Nb6 26. h5 Be5 27. hxg6+ Kg8 28. Qe3 Nd7 29. Qh3 Qg7 30. Qh7+ Qxh7 31. Rxh7 Nc5 32. gxf5 Rf8 33. Bg4 1-0

[Event "Nordic-ch U18"]
[Site "Torshavn"]
[Date "2021.09.10"]
[Round "1"]
[White "Torngren, Gustav"]
[Black "Jonsson, Kristjan Dagur"]
[Result "1-0"]
[WhiteElo "2165"]
[BlackElo "1785"]
[PlyCount "27"]
[EventDate "2021.09.10"]
[EventType "swiss"]
[EventRounds "6"]
[EventCountry "FAI"]
[SourceTitle "EXT 2023"]
[Source "ChessBase"]
[SourceDate "2022.10.05"]
[SourceVersion "1"]
[SourceVersionDate "2022.10.05"]
[SourceQuality "1"]

1. Na3 Nf6 2. Nf3 c5 3. g3 Nc6 4. Bg2 g6 5. 0-0 d5 6. c3 e5 7. d3 Bg4 8. e4 Be7 9. Bh6 dxe4 10. dxe4 Nd7 11. Nc4 Qc7 12. Ne3 0-0-0 13. Nxg4 Nf6 14. Nd2 1-0

[Event "EU-ch 21st"]
[Site "Reykjavik"]
[Date "2021.09.04"]
[Round "10"]
[White "Jonsson, Kristjan Dagur"]
[Black "Ragnarsson, Heimir Pall"]
[Result "1-0"]
[WhiteElo "1706"]
[BlackElo "1619"]
[PlyCount "101"]
[EventDate "2021.08.26"]
[EventType "swiss"]
[EventRounds "11"]
[EventCountry "ISL"]
[SourceTitle "CBM 204"]
[Source "ChessBase"]
[SourceDate "2021.10.31"]
[SourceVersion "1"]
[SourceVersionDate "2021.10.31"]
[SourceQuality "1"]

1. d4 Nf6 2. c4 g6 3. Nc3 Bg7 4. e4 d6 5. h3 0-0 6. Be3 c6 7. Nge2 b5 8. Ng3 b4 9. Nce2 Nfd7 10. Qd2 a5 11. h4 c5 12. h5 cxd4 13. Nxd4 Ne5 14. Be2 Ng4 15. Bxg4 Bxg4 16. f3 Be5 17. Bf2 Bxg3 18. Bxg3 Bxh5 19. Bf2 Qc8 20. Qh6 f5 21. exf5 Rxf5 22. Nxf5 Qxf5 23. Qe3 Nc6 24. g4 Bxg4 25. fxg4 Qxg4 26. Rh4 Qf5 27. 0-0-0 b3 28. axb3 Nb4 29. Rd2 a4 30. Qe4 Qxe4 31. Rxe4 axb3 32. Kd1 Kf7 33. Re3 Ra1+ 34. Ke2 Rc1 35. Rc3 Rc2 36. Rdxc2 bxc2 37. Be3 Ke6 38. Bc1 h5 39. b3 Kf5 40. Ba3 Nc6 41. Ke3 Kg4 42. Rxc2 Kg3 43. c5 d5 44. b4 e5 45. b5 Nd4 46. Rb2 h4 47. c6 Nf5+ 48. Kd2 h3 49. Rb3+ Kg2 50. Rxh3 Kxh3 51. c7 1-0

[Event "EU-ch 21st"]
[Site "Reykjavik"]
[Date "2021.08.29"]
[Round "4"]
[White "Jonsson, Gauti Pall"]
[Black "Jonsson, Kristjan Dagur"]
[Result "1-0"]
[WhiteElo "2070"]
[BlackElo "1706"]
[PlyCount "63"]
[EventDate "2021.08.26"]
[EventType "swiss"]
[EventRounds "11"]
[EventCountry "ISL"]
[SourceTitle "CBM 204"]
[Source "ChessBase"]
[SourceDate "2021.10.31"]
[SourceVersion "1"]
[SourceVersionDate "2021.10.31"]
[SourceQuality "1"]

1. e4 c6 2. d4 d5 3. e5 Bf5 4. Nc3 e6 5. g4 Bg6 6. Nge2 c5 7. h4 h5 8. Nf4 Bh7 9. Nxh5 cxd4 10. Ne2 Be4 11. Rh3 Nc6 12. Nxd4 Nge7 13. Bg5 Qb6 14. Bb5 a6 15. Bxc6+ Nxc6 16. Nxc6 bxc6 17. Rb3 Qc7 18. Qe2 a5 19. a4 Bb4+ 20. c3 Bf8 21. f3 Bg6 22. Nf4 Be7 23. Nxg6 fxg6 24. Qe3 c5 25. Rb5 d4 26. Qe4 Rb8 27. Qxg6+ Kd7 28. Qxg7 Rhe8 29. cxd4 cxd4 30. Rc1 Qa7 31. Rbc5 Rb7 32. R1c4 1-0

[Event "EU-ch Online U16"]
[Site "Tornelo INT"]
[Date "2020.09.20"]
[Round "9"]
[White "Dhaenens, Leon"]
[Black "Jonsson, Kristjan Dagur"]
[Result "0-1"]
[WhiteElo "1663"]
[BlackElo "1375"]
[PlyCount "56"]
[EventDate "2020.09.18"]
[EventType "swiss (rapid)"]
[EventRounds "9"]
[EventCountry "NET"]
[SourceTitle "EXT 2023"]
[Source "ChessBase"]
[SourceDate "2022.10.05"]
[SourceVersion "1"]
[SourceVersionDate "2022.10.05"]
[SourceQuality "1"]
[WhiteTeam "Belgien"]
[BlackTeam "Island"]
[WhiteTeamCountry "BEL"]
[BlackTeamCountry "ISL"]

1. c4 Nf6 2. g3 e6 3. Bg2 d5 4. Nf3 Be7 5. b3 0-0 6. Bb2 c5 7. cxd5 exd5 8. d4 b6 9. 0-0 Bb7 10. Nbd2 Na6 11. Rc1 Nc7 12. Re1 Ne6 13. e3 Rc8 14. Nh4 Ne4 15. Nxe4 dxe4 16. dxc5 Bxh4 17. gxh4 Nxc5 18. Qg4 f6 19. Red1 Qe7 20. Ba3 Rfd8 21. Rd4 Qe5 22. Rcd1 Ne6 23. Bd6 f5 24. Qe2 Nxd4 25. Rxd4 Rxd6 26. Rc4 Rcd8 27. Rc7 Rd1+ 28. Bf1 Qxc7 0-1

[Event "EU-ch Online U16"]
[Site "Tornelo INT"]
[Date "2020.09.18"]
[Round "2"]
[White "Mica, Marek"]
[Black "Jonsson, Kristjan Dagur"]
[Result "1-0"]
[WhiteElo "2060"]
[BlackElo "1375"]
[PlyCount "89"]
[EventDate "2020.09.18"]
[EventType "swiss (rapid)"]
[EventRounds "9"]
[EventCountry "NET"]
[SourceTitle "EXT 2023"]
[Source "ChessBase"]
[SourceDate "2022.10.05"]
[SourceVersion "1"]
[SourceVersionDate "2022.10.05"]
[SourceQuality "1"]
[WhiteTeam "Czech Republic"]
[BlackTeam "Island"]
[WhiteTeamCountry "CZE"]
[BlackTeamCountry "ISL"]

1. c4 Nf6 2. Nc3 e6 3. Nf3 Be7 4. e4 d5 5. e5 Nfd7 6. cxd5 exd5 7. d4 Nb6 8. Bd3 0-0 9. Qc2 h6 10. Be3 f6 11. 0-0-0 Be6 12. Nh4 Re8 13. Bh7+ Kf8 14. Bxh6 fxe5 15. Ng6+ Kf7 16. Nxe5+ Kf8 17. Qg6 Bf6 18. Be3 N8d7 19. Qh5 c5 20. Ng6+ Kf7 21. Nf4+ Kf8 22. Nxe6+ Rxe6 23. Bf5 Re8 24. Bf4 Nc4 25. Nxd5 Bxd4 26. Rxd4 cxd4 27. Bg5 Qa5 28. Qh8+ Kf7 29. Qh5+ Kf8 30. Bg6 Re1+ 31. Rxe1 Qxe1+ 32. Kc2 Qxf2+ 33. Kb3 Na5+ 34. Ka4 Nc5+ 35. Kxa5 b6+ 36. Kb5 Qxb2+ 37. Kc6 Rc8+ 38. Nc7 Rxc7+ 39. Kxc7 Ne6+ 40. Kd6 Qb4+ 41. Kxe6 Qc4+ 42. Kf5 Qd3+ 43. Kg4 Qe2+ 44. Kh3 Qxh5+ 45. Bxh5 1-0

[Event "Reykjavik Congress"]
[Site "Reykjavik"]
[Date "2020.01.15"]
[Round "4"]
[White "Jonsson, Kristjan Dagur"]
[Black "Skarphedinsson, Ingvar Wu"]
[Result "1/2-1/2"]
[WhiteElo "1591"]
[BlackElo "1484"]
[PlyCount "87"]
[EventDate "2020.01.05"]
[EventType "swiss"]
[EventRounds "9"]
[EventCountry "ISL"]
[SourceTitle "CBM 194 Extra"]
[Source "ChessBase"]
[SourceDate "2020.03.31"]
[SourceVersion "1"]
[SourceVersionDate "2020.03.31"]
[SourceQuality "1"]

1. c4 e5 2. g3 Nf6 3. Bg2 Bc5 4. Nc3 c6 5. e3 0-0 6. Nge2 Na6 7. a3 Nc7 8. d4 exd4 9. exd4 Be7 10. d5 cxd5 11. cxd5 Bd6 12. 0-0 Qe7 13. Bf4 Bxf4 14. Nxf4 d6 15. Re1 Qd8 16. Qc2 Bd7 17. Rac1 Rc8 18. Qb3 b6 19. Qb4 Be8 20. Nfe2 Na6 21. Qf4 Nc5 22. Rcd1 a6 23. Nd4 Nb7 24. Nf5 Rc7 25. Ne4 Nxe4 26. Bxe4 Qf6 27. Bd3 Bb5 28. Qe4 g6 29. Nh6+ Kg7 30. Ng4 Qd8 31. Qd4+ f6 32. Re2 Rff7 33. Rde1 Bd7 34. b4 Bxg4 35. Qxg4 Rc3 36. Qd4 Rc8 37. Kg2 Rb8 38. h4 h5 39. Qe4 f5 40. Qd4+ Kh7 41. Re6 Ra8 42. Qf4 Rc8 43. Be2 Qf8 44. Bf3 1/2-1/2

[Event "Reykjavik Congress"]
[Site "Reykjavik"]
[Date "2020.01.12"]
[Round "3"]
[White "Baldursson, Haraldur"]
[Black "Jonsson, Kristjan Dagur"]
[Result "1-0"]
[WhiteElo "1902"]
[BlackElo "1591"]
[PlyCount "83"]
[EventDate "2020.01.05"]
[EventType "swiss"]
[EventRounds "9"]
[EventCountry "ISL"]
[SourceTitle "CBM 194 Extra"]
[Source "ChessBase"]
[SourceDate "2020.03.31"]
[SourceVersion "1"]
[SourceVersionDate "2020.03.31"]
[SourceQuality "1"]

1. d4 d5 2. Nf3 Nf6 3. c4 e6 4. Nc3 Be7 5. Bg5 0-0 6. e3 Nbd7 7. Rc1 c6 8. Qc2 h6 9. Bh4 Re8 10. Bd3 dxc4 11. Bxc4 Nb6 12. Bd3 Nfd5 13. Bxe7 Qxe7 14. a3 Nxc3 15. Qxc3 Nd7 16. 0-0 e5 17. Bb1 e4 18. Nd2 f5 19. f3 Nf6 20. fxe4 Nxe4 21. Nxe4 fxe4 22. Rf4 Qg5 23. Bxe4 Bg4 24. Qb3+ Kh8 25. Qxb7 Rab8 26. Qf7 Rxe4 27. Rxe4 Rxb2 28. Qf4 Rxg2+ 29. Kxg2 Bf5+ 30. Qxg5 Bxe4+ 31. Kg3 hxg5 32. Kg4 g6 33. Kxg5 Kg7 34. Rc5 a6 35. Re5 Bd3 36. Re7+ Kf8 37. Kf6 Bb5 38. Ra7 Ke8 39. Kxg6 Bd3+ 40. Kf6 Bc4 41. e4 Bb5 42. e5 1-0

[Event "Reykjavik Congress"]
[Site "Reykjavik"]
[Date "2020.01.08"]
[Round "2"]
[White "Jonsson, Kristjan Dagur"]
[Black "Kristbergsson, Bjorgvin"]
[Result "1-0"]
[WhiteElo "1591"]
[BlackElo "1045"]
[PlyCount "80"]
[EventDate "2020.01.05"]
[EventType "swiss"]
[EventRounds "9"]
[EventCountry "ISL"]
[SourceTitle "CBM 194 Extra"]
[Source "ChessBase"]
[SourceDate "2020.03.31"]
[SourceVersion "1"]
[SourceVersionDate "2020.03.31"]
[SourceQuality "1"]

1. c4 c5 2. Nc3 a6 3. g3 g6 4. Bg2 Bg7 5. Nf3 h6 6. 0-0 e6 7. e3 Nc6 8. d4 cxd4 9. exd4 Nge7 10. d5 Na7 11. Bf4 Bxc3 12. bxc3 d6 13. Qd2 g5 14. Be3 e5 15. c5 e4 16. Ne1 Nb5 17. c4 Na7 18. Bxe4 f5 19. Bg2 Ng6 20. cxd6 Qxd6 21. c5 Qd8 22. Bd4 Rh7 23. d6 Qd7 24. Nd3 Kf8 25. Nb4 Nc6 26. Nd5 Qf7 27. Nc7 Ra7 28. Rfe1 Bd7 29. Bd5 Nxd4 30. Qxd4 Qg7 31. Qe3 Ne5 32. Qxe5 Qxe5 33. Rxe5 f4 34. Ne6+ Bxe6 35. Rxe6 h5 36. Rae1 b6 37. c6 h4 38. d7 Rhxd7 39. cxd7 Kg7 40. Re7+ Kf6 1-0

[Event "Reykjavik Taflfelag op"]
[Site "Reykjavik"]
[Date "2019.10.30"]
[Round "3"]
[White "Jonsson, Kristjan Dagur"]
[Black "Thorisson, Bjartur"]
[Result "1-0"]
[WhiteElo "1495"]
[BlackElo "1047"]
[PlyCount "47"]
[EventDate "2019.10.16"]
[EventType "swiss"]
[EventRounds "7"]
[EventCountry "ISL"]
[SourceTitle "CBM 193 Extra"]
[Source "ChessBase"]
[SourceDate "2020.01.31"]
[SourceVersion "1"]
[SourceVersionDate "2020.01.31"]
[SourceQuality "1"]

1. c4 e5 2. Nc3 Nf6 3. g3 Bb4 4. Bg2 Bxc3 5. bxc3 0-0 6. Nf3 Nc6 7. 0-0 d5 8. cxd5 Nxd5 9. Qc2 Be6 10. Bb2 Qd6 11. e4 Nf6 12. d4 exd4 13. cxd4 Nb4 14. Qe2 Qb6 15. a3 Na6 16. d5 Bd7 17. Bd4 Bb5 18. Qb2 c5 19. dxc6 Qxc6 20. Rfc1 Qd7 21. Bxf6 gxf6 22. Qxf6 Bc6 23. Ne5 Qe8 24. Ng4 1-0

[Event "Reykjavik op"]
[Site "Reykjavik"]
[Date "2019.04.13"]
[Round "6"]
[White "Rice, Christopher"]
[Black "Jonsson, Kristjan Dagur"]
[Result "1-0"]
[WhiteElo "2026"]
[BlackElo "1487"]
[PlyCount "49"]
[EventDate "2019.04.08"]
[EventType "swiss"]
[EventRounds "9"]
[EventCountry "ISL"]
[SourceTitle "CBM 189 Extra"]
[Source "ChessBase"]
[SourceDate "2019.06.03"]
[SourceVersion "1"]
[SourceVersionDate "2019.06.03"]
[SourceQuality "1"]

1. c4 e5 2. g3 Nf6 3. Bg2 d5 4. cxd5 Nxd5 5. Nc3 Be6 6. Nf3 Nc6 7. 0-0 Bc5 8. d3 f6 9. a3 Nxc3 10. bxc3 Qd7 11. Rb1 Bb6 12. Qc2 h5 13. h4 Bg4 14. d4 0-0-0 15. d5 Qxd5 16. Nd4 Nxd4 17. cxd4 Qd6 18. a4 Bxd4 19. Bxb7+ Kd7 20. e3 Bh3 21. Rd1 c5 22. exd4 cxd4 23. Be4 g5 24. Rb7+ Ke6 25. Qb3+ 1-0

[Event "Reykjavik op"]
[Site "Reykjavik"]
[Date "2019.04.09"]
[Round "2"]
[White "Kuehnemund, Lutz"]
[Black "Jonsson, Kristjan Dagur"]
[Result "1-0"]
[WhiteElo "1979"]
[BlackElo "1487"]
[PlyCount "71"]
[EventDate "2019.04.08"]
[EventType "swiss"]
[EventRounds "9"]
[EventCountry "ISL"]
[SourceTitle "CBM 189 Extra"]
[Source "ChessBase"]
[SourceDate "2019.06.03"]
[SourceVersion "1"]
[SourceVersionDate "2019.06.03"]
[SourceQuality "1"]

1. b4 d5 2. Bb2 Bf5 3. e3 Nd7 4. Nf3 f6 5. c4 c6 6. Nc3 Nb6 7. c5 Nd7 8. Nd4 Nh6 9. Nxf5 Nxf5 10. Bd3 e6 11. f4 a5 12. a3 axb4 13. axb4 d4 14. exd4 Rxa1 15. Qxa1 Nxd4 16. 0-0 Nb3 17. Qe1 e5 18. Bc4 Ndxc5 19. bxc5 Qd4+ 20. Kh1 Qxc4 21. fxe5 fxe5 22. Qxe5+ Kd7 23. Qf5+ Kd8 24. Ne4 Qd5 25. Qf4 Nxc5 26. Nxc5 Bxc5 27. Qb8+ Kd7 28. Qxh8 Qxd2 29. Qxg7+ Be7 30. Qg4+ Kc7 31. Be5+ Bd6 32. Bxd6+ Qxd6 33. Qg7+ Kb6 34. Rb1+ Kc5 35. Qc3+ Kd5 36. Rd1+ 1-0

[Event "Reykjavik Congress"]
[Site "Reykjavik"]
[Date "2019.01.20"]
[Round "5"]
[White "Jonsson, Kristjan Dagur"]
[Black "Sharifa, Rayan"]
[Result "1-0"]
[WhiteElo "1455"]
[BlackElo "1164"]
[PlyCount "125"]
[EventDate "2019.01.06"]
[EventType "swiss"]
[EventRounds "9"]
[EventCountry "ISL"]
[SourceTitle "CBM 188 Extra"]
[Source "ChessBase"]
[SourceDate "2019.02.26"]
[SourceVersion "1"]
[SourceVersionDate "2019.02.26"]
[SourceQuality "1"]

1. c4 e5 2. Nc3 Nf6 3. g3 g6 4. Bg2 Bg7 5. e3 c6 6. Nge2 d5 7. cxd5 cxd5 8. d4 exd4 9. Nxd4 Nc6 10. Nde2 Qa5 11. Bd2 Qc5 12. 0-0 0-0 13. Qb3 Na5 14. Qb5 Qxb5 15. Nxb5 Nc4 16. Bc3 Bd7 17. Nc7 Rac8 18. Nxd5 Nxd5 19. Bxg7 Kxg7 20. Bxd5 b6 21. b3 Ne5 22. Nd4 Bh3 23. Bg2 Bxg2 24. Kxg2 Nc6 25. Rfd1 Nxd4 26. Rxd4 Rc2 27. Ra4 Rc7 28. Rd1 a5 29. Rd6 Rb7 30. Rc4 b5 31. Rc5 a4 32. bxa4 bxa4 33. Rd2 a3 34. Ra5 Rb2 35. Rxb2 axb2 36. Rb5 b1Q 37. Rxb1 Ra8 38. Ra1 Kf6 39. a4 Ke5 40. Kf3 f5 41. a5 Ra6 42. Ke2 g5 43. Ra4 h5 44. Kd3 Kd5 45. h3 Kc5 46. Ra2 Rd6+ 47. Ke2 Kb5 48. a6 Rxa6 49. Rxa6 Kxa6 50. Kd3 Kb5 51. Kd4 Kc6 52. Ke5 g4 53. h4 Kd7 54. Kxf5 Ke7 55. Kg5 Kf7 56. Kxh5 Kf6 57. Kxg4 Kg6 58. e4 Kf6 59. h5 Kg7 60. Kg5 Kf7 61. Kf5 Kg7 62. Ke6 Kf8 63. Kd7 1-0

[Event "Reykjavik Congress"]
[Site "Reykjavik"]
[Date "2019.01.13"]
[Round "3"]
[White "Berndsen, Soffia Arndis"]
[Black "Jonsson, Kristjan Dagur"]
[Result "0-1"]
[WhiteElo "1042"]
[BlackElo "1455"]
[PlyCount "68"]
[EventDate "2019.01.06"]
[EventType "swiss"]
[EventRounds "9"]
[EventCountry "ISL"]
[SourceTitle "CBM 188 Extra"]
[Source "ChessBase"]
[SourceDate "2019.02.26"]
[SourceVersion "1"]
[SourceVersionDate "2019.02.26"]
[SourceQuality "1"]

1. d4 Nf6 2. c4 g6 3. Nf3 Bg7 4. Nc3 0-0 5. Bg5 d6 6. e3 Nbd7 7. Bd3 Re8 8. 0-0 h6 9. Bxf6 Nxf6 10. h3 e5 11. Bc2 Nd7 12. Bb3 b6 13. Qc2 Bb7 14. Nd2 exd4 15. exd4 Bxd4 16. c5 Nf8 17. cxd6 Bxc3 18. Qxc3 Qxd6 19. Qc4 Ne6 20. Rad1 Qc6 21. Qg4 h5 22. Qg3 Nd4 23. Bc4 Nf5 24. Qg5 Kg7 25. f3 f6 26. Qf4 Ne3 27. Ne4 Rxe4 28. fxe4 Nxf1 29. Qxf1 Qc5+ 30. Kh1 Qe7 31. Bb5 Rd8 32. Rc1 h4 33. Qf4 g5 34. Re1 gxf4 0-1